| 000 | 00628nac a22002171u 4500 | ||
|---|---|---|---|
| 010 | _a 2007042176 | ||
| 020 | _a8121901464 | ||
| 082 | 0 | 0 |
_a620.11 _bKHU |
| 090 |
_c9120 _d9120 |
||
| 100 | _aWard, D. J. | ||
| 245 | 1 | 0 |
_aMaterial science / _cR. S. Khurmi and R. S. Sedha |
| 260 |
_aNew Delhi: _bS. Chand & company,1999 _c1999 |
||
| 300 |
_a376p.: _bill.; _c20 cm. |
||
| 490 | 0 | _aCool science | |
| 500 | _adistributer: Al-Ahram | ||
| 511 | _acatalogued by; wessam | ||
| 650 | 0 | _aMaterials | |
| 650 | 0 | _aMaterials science | |
| 700 | _aSedha R. S. | ||
| 942 |
_cBB _k620.11KHU |
||
| 999 |
_c9120 _d9120 |
||